Normal view
MARC view
Entry Personal Name
001 - CONTROL NUMBER
- control field: 15887
003 - CONTROL NUMBER IDENTIFIER
- control field: OSt
005 - DATE AND TIME OF LATEST TRANSACTION
- control field: 20220304155748.0
008 - FIXED-LENGTH DATA ELEMENTS
- fixed length control field: 220304|| aca||aabn | a|a d
040 ## - CATALOGING SOURCE
- Original cataloging agency: OSt
- Transcribing agency: OSt
100 ## - HEADING--PERSONAL NAME
- Personal name: Byrne, Christopher Cattelier,
- Dates associated with a name: 1960-
670 ## - SOURCE DATA FOUND
- Source citation: Work cat.: (OSt)0: Vaserstein, Leonid Nison. 15886, Introduction to linear programming /, c2003.
